| 000 | 00691nam a2200217Ia 4500 | ||
|---|---|---|---|
| 008 | 191130s1999##################000#0#eng## | ||
| 020 | _a9780387985701 | ||
| 022 | _a98009923 | ||
| 040 |
_aACL _cACL |
||
| 082 | _a512.9434 BOT | ||
| 100 | _aBöttcher, Albrecht | ||
| 245 |
_aIntroduction to large truncated Toeplitz matrices _cAlbrecht Böttcher, Bernd Silbermann |
||
| 260 |
_aBerlin ; New York _bSpringer _c1999 |
||
| 300 | _axi, 258 p. : ill. ; 24 cm | ||
| 500 | _aIncludes bibliographical references (p. [243]-253) and index | ||
| 650 | _aToeplitz matrices | ||
| 700 | _aSilbermann, Bernd | ||
| 990 | _a488a005eac10000c35e77927688b4642 | ||
| 991 | _a163673 | ||
| 999 |
_c219644 _d219644 |
||